000 00315nam a22001337a 4500
020 _a978-1587160080
041 _aENG
100 _aRamaswamy.H
245 _aFood Processing Principles and Applications
260 _aNew York
_bTaylor& Francis
_c2006
300 _a420
650 _aAPE
856 _uAPE ( 03 )
999 _c1667
_d1667